[Event "Mitropa Cup"]
[Site "Merlimont FRA"]
[Date "2011.10.14"]
[Round "7.5"]
[White "Brunner,N"]
[Black "Petr,Ma"]
[Result "0-1"]
[WhiteElo "2466"]
[BlackElo "2526"]

1.d4 Nf6 2.c4 g6 3.Nc3 d5 4.cxd5 Nxd5 5.e4 Nxc3 6.bxc3 Bg7 7.Bc4 c5 8.Ne2 Nc6
9.Be3 O-O 10.O-O e6 11.Qd2 b6 12.Rfd1 Bb7 13.Bg5 Qd7 14.Qe3 cxd4 15.cxd4 Na5
16.Bd3 Rac8 17.h4 Nc4 18.Bxc4 Rxc4 19.h5 f6 20.Bf4 g5 21.Bh2 h6 22.f3 Rfc8
23.Rd2 Bf8 24.Kh1 Bb4 25.Rb2 Qf7 26.g4 Bc3 27.Nxc3 Rxc3 28.Qe2 f5 29.Kg1 fxe4
30.fxe4 Rc1+ 31.Rxc1 Rxc1+ 32.Kg2 Bxe4+ 33.Kh3 Rc3+ 34.Bg3 Qf4 35.Qf2 Rxg3+
36.Qxg3 Qf1+  0-1

[Event "Schachbundesliga 2011-12"]
[Site "Muelheim GER"]
[Date "2011.10.14"]
[Round "1"]
[White "Bogner,S"]
[Black "Tikkanen,H"]
[Result "1/2-1/2"]
[WhiteElo "2534"]
[BlackElo "2591"]

1.d4 Nf6 2.c4 g6 3.Nc3 d5 4.cxd5 Nxd5 5.e4 Nxc3 6.bxc3 Bg7 7.Be3 c5 8.Qd2 cxd4
9.cxd4 Nc6 10.Nf3 Bg4 11.Bb5 O-O 12.Bxc6 bxc6 13.Ne5 Bxe5 14.dxe5 Qxd2+ 15.Kxd2 Rfd8+
16.Kc3 c5 17.f3 Be6 18.Rhd1 Rxd1 19.Rxd1 a5 20.Rd2 Rb8 21.Rc2 Rb4 22.Kd3 Ra4
23.Bxc5 Rxa2 24.Rxa2 Bxa2 25.Bxe7 h5 26.Ba3 Bb3 27.Ke3 Bc4 28.h3 Bf1 29.Kf2 Bd3
30.Be7 Kg7 31.Bd8 a4 32.Be7 Kh6 33.Bf8+ Kh7 34.h4 Kg8 35.Ba3 Ba6 36.Ke3 Bf1
37.g3 Bg2 38.Kf4 Kg7 39.Bb4 Kg8 40.g4 hxg4 41.Kxg4 Kg7 42.Kg3 Bh1 43.Kf2 Kg8
44.Ke3 Bg2 45.f4 Bh3 46.Kd4 Bc8 47.Ba3 Kg7 48.Ke3 Kh6 49.Be7  1/2-1/2

[Event "Chigorin Memorial Open"]
[Site "St Petersburg RUS"]
[Date "2011.10.14"]
[Round "1.3"]
[White "Kuznetsov,N"]
[Black "Azarov,S"]
[Result "0-1"]
[WhiteElo "2293"]
[BlackElo "2648"]

1.d4 Nf6 2.c4 g6 3.Nc3 d5 4.cxd5 Nxd5 5.e4 Nxc3 6.bxc3 Bg7 7.Bc4 c5 8.Ne2 O-O
9.O-O Nc6 10.Be3 Qc7 11.Qc1 Na5 12.Bd3 b6 13.Bh6 e5 14.Bxg7 Kxg7 15.d5 c4
16.Bc2 Bd7 17.Qg5 f6 18.Qg3 Rae8 19.Rad1 Nb7 20.Kh1 Nc5 21.Rb1 Qd6 22.Rfd1 Kh8
23.Nd4 f5 24.exf5 gxf5 25.Nf3 Rg8 26.Qh4 Rg4 27.Qh5 Qf6 28.h3 Rg6 29.Qh4 Qg7
30.Rg1 Rg8 31.Qxc4 Rxg2 32.Qf1 Rxg1+ 33.Qxg1 Qf7 34.Qh2 f4 35.c4 Qh5 36.Ng1 Bxh3
37.Qxh3 Rxg1+ 38.Kh2 Qxh3+ 39.Kxh3 Rxb1 40.Bxb1 Nb7 41.Kg4 Nd6 42.Bd3 Kg7
43.f3 Kf6 44.Kh5 a5 45.Kh6 Nf7+ 46.Kh5 Ng5 47.Be2 h6 48.Kg4 Ke7 49.Kh5 Kf6
50.Kg4 Nf7 51.Bd3 Nd6 52.a3 e4 53.fxe4 Ke5 54.Kf3 h5 55.a4 Nf7 56.Kg2 Ng5
57.Be2 h4 58.Bf3 h3+ 59.Kf2 h2 60.Bh1 f3 61.Kg3 Nxe4+ 62.Kxf3 Nc5 63.Ke3 Nxa4
64.Kd3 Nc5+ 65.Kc3 Ne4+ 66.Kb3 Kd4 67.Ka4 Nd6  0-1

[Event "Mitropa Cup"]
[Site "Merlimont FRA"]
[Date "2011.10.15"]
[Round "8.7"]
[White "Zilka,S"]
[Black "Heimann,An"]
[Result "1-0"]
[WhiteElo "2517"]
[BlackElo "2485"]

1.d4 Nf6 2.c4 g6 3.Nc3 d5 4.cxd5 Nxd5 5.e4 Nxc3 6.bxc3 Bg7 7.Bc4 c5 8.Ne2 Nc6
9.Be3 O-O 10.O-O Qc7 11.Rc1 b6 12.Qd2 Bb7 13.Bh6 Rad8 14.Bxg7 Kxg7 15.Qe3 e5
16.Bd5 Na5 17.Bxb7 Qxb7 18.d5 Nc4 19.Qd3 b5 20.a4 a6 21.Rb1 Qd7 22.Ng3 Rb8
23.axb5 axb5 24.f4 f6 25.f5 Ra8 26.h4 Ra2 27.fxg6 hxg6 28.h5 Nd6 29.Qf3 g5
30.Qe3 Qg4 31.Rf3 Rf7 32.Rbf1 Qc8 33.Rxf6  1-0

[Event "Schachbundesliga 2011-12"]
[Site "Muelheim GER"]
[Date "2011.10.15"]
[Round "2"]
[White "Mchedlishvili,M"]
[Black "Melkumyan,H"]
[Result "0-1"]
[WhiteElo "2623"]
[BlackElo "2619"]

1.d4 Nf6 2.c4 g6 3.Nc3 d5 4.cxd5 Nxd5 5.e4 Nxc3 6.bxc3 Bg7 7.Qa4+ Nd7 8.Nf3 O-O
9.Bg5 c5 10.Rc1 h6 11.Be3 e5 12.dxc5 Qc7 13.c6 Qxc6 14.Qxc6 bxc6 15.Nd2 Re8
16.Bd3 Bf8 17.Ke2 Nc5 18.Bc4 Na4 19.Rc2 Nb6 20.Bd3 Be6 21.Rb1 Reb8 22.c4 c5
23.Rb5 Na4 24.Rb3 Rb4 25.Rc1 Nb6 26.Ra3 f5 27.f3 f4 28.Bf2 Rb2 29.Kd1 Rd8
30.Rc2 Rb4 31.Ke2 Rd7 32.Ra5 Ra4 33.Rxa4 Nxa4 34.Be1 Rb7 35.Nb3 g5 36.g4 h5
37.h3 Kf7 38.Rc1 Kf6 39.Rc2 Bd6 40.Bf2 Rb8 41.Kf1 Rh8 42.Kg2 Ke7 43.Be2 Rb8
44.Kf1 Kd7 45.Be1 Rb6 46.Bd3 Ra6 47.Ke2 Bf7 48.Kf1 Kc8 49.Bf2 Be7 50.Be1 Be8
51.Bf2 Kc7 52.Be1 Nb6 53.Ba5 Ba4 54.Rb2 Kc8 55.Bc3 Nd7 56.Bc2 Bd8 57.gxh5 Rh6
58.Nc1 Bc6 59.Nd3 Bc7 60.Nf2 Rxh5 61.Kg2 Nf8 62.Ng4 Ng6 63.Bd1 Rh8 64.Be2 Rf8
65.Rb1 Kd7 66.Nf2 Ke6 67.Rb3 Bb6 68.Nd3 Bd7 69.Rb2 Rh8 70.Rd2 Rh7 71.Bb2 Bc8
72.Bd1 Ke7 73.Nxe5 Nxe5 74.Bxe5 Bxh3+ 75.Kg1 Be6 76.Be2 Rh3 77.Kg2 Rg3+ 78.Kf2 Bh3
79.Rd3 Rg2+ 80.Ke1 Be6 81.Ra3 Rg1+ 82.Kd2 Rg2 83.Ke1 Rh2 84.Bb8 a6 85.Be5 Bc8
86.Bc3 Bc7 87.Rb3 Kf7 88.Rb2 Rh3 89.Rb3 Kg6 90.Bd2 Rh1+ 91.Kf2 Rh2+ 92.Ke1 Kh5
93.Rd3 Be6 94.Ra3 Be5 95.Bd3 Rh1+ 96.Ke2 Bh3 97.Bc3 Rh2+ 98.Ke1 Bxc3+ 99.Rxc3 Rxa2
100.e5 g4 101.Bf5 Kg5 102.Bc8 Rb2 103.Rd3 Rb8 104.Bd7 Kh4 105.fxg4 Bxg4 106.e6 Rb2
107.Rd2 Rxd2 108.Kxd2 f3 109.Bc6 f2 110.e7 Bh5  0-1

[Event "Chigorin Memorial Open"]
[Site "St Petersburg RUS"]
[Date "2011.10.15"]
[Round "2.93"]
[White "Tokabayev,A"]
[Black "Zakharchenko,A"]
[Result "0-1"]
[WhiteElo "1950"]
[BlackElo "2225"]

1.d4 Nf6 2.c4 g6 3.Nc3 d5 4.cxd5 Nxd5 5.e4 Nxc3 6.bxc3 Bg7 7.Bc4 O-O 8.Ne2 c5
9.O-O Nc6 10.Be3 Na5 11.Bd3 b6 12.Qd2 e5 13.Bh6 cxd4 14.cxd4 exd4 15.Bxg7 Kxg7
16.f4 Bd7 17.f5 Nc6 18.f6+ Kh8 19.Qh6 Rg8 20.Rf3 Qf8 21.Qh4 h6  0-1

[Event "Chigorin Memorial Open"]
[Site "St Petersburg RUS"]
[Date "2011.10.15"]
[Round "2.15"]
[White "Jumabayev,R"]
[Black "Sychev,K"]
[Result "1-0"]
[WhiteElo "2589"]
[BlackElo "2389"]

1.d4 Nf6 2.c4 g6 3.Nc3 d5 4.cxd5 Nxd5 5.e4 Nxc3 6.bxc3 Bg7 7.Qa4+ Nd7 8.Nf3 O-O
9.h4 c5 10.h5 cxd4 11.hxg6 hxg6 12.cxd4 Nc5 13.Qc2 Ne6 14.Bb2 Nxd4 15.Nxd4 Bxd4
16.Rd1 Qa5+ 17.Rd2 Rd8 18.Bc4 Bxb2 19.Qxb2 Qxd2+ 20.Qxd2 Rxd2 21.Kxd2 Bd7
22.Rb1 Bc6 23.Ke3 Rc8 24.Bd3 e5 25.a4 Rd8 26.Bb5 Rd4 27.Bxc6 bxc6 28.f4 Rxa4
29.fxe5 Ra5 30.Kf4 Rb5 31.Rd1 a5 32.Rd8+ Kg7 33.Rd7 Kf8 34.Ra7 Ke8 35.g4 Kf8
36.Ra6 c5 37.e6 f6 38.g5 Ke7 39.Ra7+ Kxe6 40.Ra6+ Kf7 41.gxf6 Rb1 42.Ke5 Rb7
43.Kd5 g5 44.e5 g4 45.Rxa5 g3 46.Rxc5 g2 47.Rc1 Rb5+ 48.Ke4 Kg6 49.Rg1 Rb2
50.Kf3 Kf5 51.Rxg2 Rb3+ 52.Ke2 Rb2+ 53.Kd3 Rb8 54.Re2 Rd8+ 55.Kc4 Ke6 56.Kc5 Rd1
57.Rf2 Rd8 58.f7 Rf8 59.Kc6 Rc8+ 60.Kb7 Rf8 61.Kc7 Ke7 62.Rf6  1-0

[Event "Indonesia Open"]
[Site "Jakarta INA"]
[Date "2011.10.16"]
[Round "5.35"]
[White "Fahmi,J"]
[Black "Aray,A"]
[Result "1/2-1/2"]
[WhiteElo "2191"]
[BlackElo "2256"]

1.d4 Nf6 2.c4 g6 3.Nc3 d5 4.cxd5 Nxd5 5.e4 Nxc3 6.bxc3 Bg7 7.Bc4 O-O 8.Ne2 c5
9.Be3 Nc6 10.O-O Na5 11.Bd3 c4 12.Bc2 b6 13.Qd2 Bb7 14.f4 Rc8  1/2-1/2

[Event "Mitropa Cup"]
[Site "Merlimont FRA"]
[Date "2011.10.16"]
[Round "9.5"]
[White "Michalik,P"]
[Black "Brunello,S"]
[Result "0-1"]
[WhiteElo "2511"]
[BlackElo "2569"]

1.d4 Nf6 2.c4 g6 3.Nc3 d5 4.cxd5 Nxd5 5.e4 Nxc3 6.bxc3 Bg7 7.Bc4 c5 8.Ne2 O-O
9.O-O Nc6 10.Be3 Qc7 11.Rc1 Rd8 12.Bf4 e5 13.Bg5 Rd6 14.d5 Na5 15.Bd3 c4
16.Bc2 Ra6 17.Bh4 b5 18.Bg3 Nb7 19.f4 Rxa2 20.fxe5 Bxe5 21.Bxe5 Qxe5 22.Qd4 Qxd4+
23.Nxd4 Bd7 24.Rf6 Nc5 25.Rcf1 Be8 26.R6f4 Rd8 27.Bb1 Rb2 28.Nf3 Na4 29.Rc1 Nxc3
30.Rxc3 Rxb1+ 31.Kf2 a5 32.Ne5 a4 33.Ng4 Ra8 34.Nf6+ Kf8 35.Rh3 h5 36.g4 a3  0-1

[Event "5th SPICE Cup GpA"]
[Site "Lubbock USA"]
[Date "2011.10.18"]
[Round "4"]
[White "Feller,S"]
[Black "Dominguez Perez,L"]
[Result "1/2-1/2"]
[WhiteElo "2668"]
[BlackElo "2710"]

1.d4 Nf6 2.c4 g6 3.Nc3 d5 4.cxd5 Nxd5 5.e4 Nxc3 6.bxc3 Bg7 7.Bc4 c5 8.Ne2 Nc6
9.Be3 O-O 10.O-O Qc7 11.Rc1 b6 12.Qd2 Bb7 13.Bh6 Rad8 14.Bxg7 Kxg7 15.Qe3 e5
16.Qg3 Qe7 17.d5 Na5 18.Bb3 Bc8 19.c4 Nb7 20.Qc3 Nd6 21.f3 Kg8 22.Rce1 f6
23.Nc1 g5 24.Nd3 Rf7 25.Rf2 Rg7 26.Bd1 Ba6 27.Bb3 Bc8 28.Bd1 Ba6 29.Bb3  1/2-1/2

[Event "49th ch-IND NatA"]
[Site "Aurangabad IND"]
[Date "2011.10.20"]
[Round "12"]
[White "Sriram,J"]
[Black "Satyapragyan,S"]
[Result "1/2-1/2"]
[WhiteElo "2410"]
[BlackElo "2415"]

1.d4 Nf6 2.c4 g6 3.Nc3 d5 4.cxd5 Nxd5 5.e4 Nxc3 6.bxc3 Bg7 7.Be3 c5 8.Rc1 Qa5
9.Qd2 cxd4 10.cxd4 Qxd2+ 11.Kxd2 O-O 12.Bd3 Nc6 13.Ne2 Rd8 14.Rc4 Be6 15.Ra4 Bd7
16.Rc4 Be6 17.Ra4 Bd7 18.Rb1 Ne5 19.Bb5 Nc6 20.Bd3 Ne5 21.Bb5 Nc6 22.Bd3 Ne5
23.Bb5 Nc6  1/2-1/2

[Event "Chigorin Memorial Open"]
[Site "St Petersburg RUS"]
[Date "2011.10.20"]
[Round "7.86"]
[White "Korchmar,V"]
[Black "Voronenkov,S"]
[Result "1-0"]
[WhiteElo "2253"]
[BlackElo "2048"]

1.d4 Nf6 2.c4 g6 3.Nc3 d5 4.cxd5 Nxd5 5.e4 Nxc3 6.bxc3 Bg7 7.Bc4 c5 8.Ne2 Nc6
9.Be3 O-O 10.O-O Bg4 11.f3 Na5 12.Bd3 Be6 13.d5 c4 14.Bc2 Bd7 15.Qd2 e6 16.d6 b5
17.Rad1 Nb7 18.f4 a5 19.f5 exf5 20.exf5 Ra6 21.Bg5 Qb6+ 22.Kh1 Qxd6 23.Qe3 Qc7
24.f6 Bh8 25.Nd4 Re8 26.Qf2 Nc5 27.Qh4 Ne6 28.Nf5 Nxg5 29.Nh6+ Kf8 30.Qxg5 Rd6
31.Rxd6 Qxd6 32.Nxf7 Kxf7 33.Qh6 Bf5 34.Qxh7+ Kxf6 35.Bxf5 Ke5 36.Bxg6 Rf8
37.Qh5+ Ke6 38.Bf7+ Ke7 39.Re1+ Kd7 40.Qxb5+ Kc8 41.Qxc4+ Qc7 42.Be6+  1-0

[Event "Chigorin Memorial Open"]
[Site "St Petersburg RUS"]
[Date "2011.10.20"]
[Round "7.33"]
[White "Levin,Ev"]
[Black "Vastrukhin,O"]
[Result "1-0"]
[WhiteElo "2481"]
[BlackElo "2361"]

1.d4 Nf6 2.c4 g6 3.Nc3 d5 4.cxd5 Nxd5 5.e4 Nxc3 6.bxc3 Bg7 7.Be3 O-O 8.Qd2 c5
9.Nf3 Qa5 10.Rc1 b6 11.d5 e6 12.Be2 Nd7 13.dxe6 fxe6 14.O-O Nf6 15.Qc2 Bd7
16.Ne5 Qa4 17.Nxd7 Qxd7 18.f4 Qc6 19.Bf3 e5 20.Rcd1 Qc7 21.f5 gxf5 22.exf5 e4
23.Be2 Rad8 24.Bc4+ Kh8 25.Bf4 Qc6 26.Qe2 e3 27.Qxe3 Qe4 28.Be6 Rxd1 29.Rxd1 Qxe3+
30.Bxe3 Ng4 31.Bf4 Bxc3 32.h3 Be5 33.Bc1 Nf6 34.g4 Bd4+ 35.Kg2 b5 36.Kf3 a5
37.Bh6 Rd8 38.Bf4 Kg7 39.Bc7 Re8 40.g5 Rxe6 41.fxe6 Nd5 42.Be5+  1-0

[Event "1st Central Asia Cup"]
[Site "Tashkent UZB"]
[Date "2011.10.20"]
[Round "3.7"]
[White "Temirov,B"]
[Black "Faizulaev,A"]
[Result "0-1"]
[WhiteElo "2292"]
[BlackElo "2325"]

1.d4 Nf6 2.c4 g6 3.Nc3 d5 4.cxd5 Nxd5 5.e4 Nxc3 6.bxc3 Bg7 7.Nf3 O-O 8.Be2 c5
9.Rb1 b6 10.O-O Bb7 11.Qc2 cxd4 12.cxd4 Qc8 13.Qd3 Nd7 14.Ba3 Qd8 15.Qe3 Nf6
16.d5 Ng4 17.Qf4 f5 18.exf5 Nh6 19.g4 gxf5 20.g5 Nf7 21.Rfd1 Nd6 22.Ne5 Rc8
23.Bb2 Ne4 24.Nc6 Qc7 25.Qh4 Bxb2 26.Rxb2 Bxc6 27.dxc6 Qxc6 28.Bf3 Qg6 29.Bxe4 fxe4
30.Rb3 Rc2 31.Rg3 Re2 32.Rg2 e3 33.Rf1 exf2+ 34.Rgxf2 Rfxf2 35.Rxf2 Re1+
36.Kg2 Qc6+  0-1

[Event "49th ch-IND NatA"]
[Site "Aurangabad IND"]
[Date "2011.10.21"]
[Round "13"]
[White "Satyapragyan,S"]
[Black "Neelotpal,D"]
[Result "1/2-1/2"]
[WhiteElo "2415"]
[BlackElo "2458"]

1.d4 Nf6 2.c4 g6 3.Nc3 d5 4.cxd5 Nxd5 5.e4 Nxc3 6.bxc3 Bg7 7.Nf3 c5 8.Rb1 O-O
9.Be2 Qc7 10.O-O b6 11.a4 Bb7 12.Bd3 e6 13.Be3 Nd7 14.Qd2 Rac8 15.a5 Rfd8
16.axb6 axb6 17.Bg5 Re8 18.Be3 Red8 19.Bg5 Re8 20.Be3 Red8 21.Bg5  1/2-1/2

[Event "29th Muensterland Open"]
[Site "Senden GER"]
[Date "2011.10.21"]
[Round "1.2"]
[White "Beckmann,D"]
[Black "Danin,A"]
[Result "0-1"]
[WhiteElo "2011"]
[BlackElo "2545"]

1.d4 Nf6 2.c4 g6 3.Nc3 d5 4.cxd5 Nxd5 5.e4 Nxc3 6.bxc3 Bg7 7.Bc4 c5 8.Be3 Qa5
9.Qd2 O-O 10.Ne2 Nc6 11.Rd1 Bd7 12.O-O Rac8 13.Bb3 cxd4 14.cxd4 Qxd2 15.Rxd2 Na5
16.f4 Nc4 17.Bxc4 Rxc4 18.Rc1 Rfc8 19.Rxc4 Rxc4 20.Kf2 b6 21.h3 Kf8 22.g4 e6
23.Ng3 Ke8 24.Kf3 Bf8 25.d5 Bb4 26.Rd4 Rxd4 27.Bxd4 exd5 28.exd5 Bb5 29.Ne4 f5
30.Nf6+ Kf7 31.Nxh7 Bc4 32.gxf5 gxf5 33.Ng5+ Kg6 34.Ke3 Bxa2 35.Nf3 Kh5 36.Bf6 Bxd5
37.Ne5 Bc5+ 38.Kd3 Bg2 39.h4 Bf2 40.Nc4 Bf1+  0-1

[Event "1st Central Asia Cup"]
[Site "Tashkent UZB"]
[Date "2011.10.21"]
[Round "4.7"]
[White "Vakhidov,J"]
[Black "Farazi,K"]
[Result "1-0"]
[WhiteElo "2392"]
[BlackElo "2163"]

1.d4 Nf6 2.c4 g6 3.Nc3 d5 4.cxd5 Nxd5 5.e4 Nxc3 6.bxc3 Bg7 7.Bc4 O-O 8.Ne2 c5
9.O-O Nc6 10.Be3 Na5 11.Bd3 cxd4 12.cxd4 Be6 13.d5 Bxa1 14.Qxa1 Re8 15.Bh6 f6
16.Nf4 Bf7 17.e5 g5 18.e6 gxf4 19.exf7+ Kxf7 20.Qd1 e5 21.dxe6+ Rxe6 22.Qh5+ Ke7
23.Bf5 Qd5 24.Bxf4 h6 25.Qg4 Re5 26.Bxe5 fxe5 27.Rd1 Qg8 28.Rd7+ Kf6 29.Rd6+ Ke7
30.Qb4 Qc4 31.Re6+  1-0

[Event "TCh-SUI 2011"]
[Site "Lausanne SUI"]
[Date "2011.10.22"]
[Round "8.1"]
[White "Schiendorfer,E"]
[Black "Moor,R"]
[Result "1/2-1/2"]
[WhiteElo "2319"]
[BlackElo "2395"]

1.d4 Nf6 2.c4 g6 3.Nc3 d5 4.cxd5 Nxd5 5.e4 Nxc3 6.bxc3 Bg7 7.Bc4 O-O 8.Ne2 c5
9.O-O Nc6 10.Be3 Bg4 11.f3 Bd7 12.Rb1 Rc8 13.Bd3 Na5 14.Qd2 a6 15.d5 b5 16.Bh6 e5
17.Bxg7 Kxg7 18.c4 Qc7 19.Qc3 f6 20.Kh1 Rb8 21.Rfd1 b4 22.Qb2 Nb7 23.Rf1 a5
24.g3 a4 25.Qd2 Rbe8 26.Ng1 f5 27.exf5 Bxf5 28.Bxf5 Rxf5 29.Nh3 h6 30.Qe2 Ref8
31.Rbe1 h5 32.f4 Nd8 33.Kg2 Nf7 34.fxe5 Qxe5 35.Nf4 Qxe2+ 36.Rxe2 Nd8 37.Rd1 R8f7
38.d6 Rd7 39.Rd5 Rf6 40.Re7+ Rf7 41.Nd3 Nb7 42.Rxf7+ Kxf7 43.Ne5+ Ke6 44.Nxd7 Kxd7
45.Kf3 b3 46.axb3 axb3 47.Ke2 Nxd6 48.Rd1 Ke6 49.Kd3 Nf5 50.Kc3 Nd4 51.Ra1 Nf3
52.h3 Ng5 53.Ra6+ Kf5 54.g4+ hxg4 55.hxg4+ Kxg4 56.Rxg6 Kf5 57.Rh6 Ne4+ 58.Kxb3 Ke5
59.Rh5+ Kd6 60.Ka4 Kc6 61.Rh6+ Nd6 62.Kb3 Kc7 63.Rg6 Kd7 64.Rg4 Kc7 65.Ka4 Kb6
66.Rh4 Kc7 67.Ka5 Kc6 68.Ka6 Kc7 69.Ka5 Kc6 70.Ka4 Kc7 71.Kb3 Kc6 72.Kc3 Kc7
73.Kd3 Kb7 74.Rh1 Kc6 75.Rc1 Kd7 76.Ra1 Kc6 77.Ra5 Nc8 78.Ra6+ Nb6 79.Ra1 Nc8
80.Ke3 Nb6 81.Rc1 Kd6 82.Kf4 Ke6 83.Rc2 Nc8 84.Re2+ Kd6 85.Kf5 Nb6 86.Re4 Kc6
87.Rh4 Kd6 88.Rg4 Kc7 89.Ke5 Kc6 90.Rh4 Kc7 91.Ke6 Kc6 92.Ke7 Nc8+ 93.Kd8 Nb6
94.Rg4 Kb7 95.Rf4 Kc6 96.Rh4 Kb7 97.Rh7+ Kc6 98.Rh6+ Kb7 99.Rh4 Kc6 100.Ke7 Nc8+
101.Ke6 Nb6 102.Rg4 Kc7 103.Rh4 Kc6 104.Ke5 Kc7 105.Rh7+ Kc6 106.Rh6+ Kc7
107.Rg6 Nxc4+ 108.Kd5 Nb6+  1/2-1/2

[Event "Chigorin Memorial Open"]
[Site "St Petersburg RUS"]
[Date "2011.10.22"]
[Round "9.111"]
[White "Fokin,A"]
[Black "Voronenkov,S"]
[Result "0-1"]
[WhiteElo "1858"]
[BlackElo "2048"]

1.d4 Nf6 2.c4 g6 3.Nc3 d5 4.cxd5 Nxd5 5.e4 Nxc3 6.bxc3 Bg7 7.Nf3 c5 8.Be2 Nc6
9.Rb1 cxd4 10.cxd4 Nxd4 11.Nxd4 Qxd4 12.Bb5+ Kf8 13.O-O Qxd1 14.Rxd1 Be6
15.Be2 b6 16.a4 f5 17.f3 Kf7 18.Be3 Rhd8 19.Bb5 Rac8 20.Rdc1 Rxc1+ 21.Rxc1 Bd4
22.Kf2 f4 23.Bxd4 Rxd4 24.Ke2 a6 25.Bxa6 Rxa4 26.Bd3 Ra2+ 27.Kf1 Rb2 28.Rc6 b5
29.Rb6 b4 30.g3 g5 31.gxf4 gxf4 32.h3 b3 33.h4 Rd2 34.Be2 Rc2 35.Ke1 b2 36.Bd1 Rh2
37.Rb5 Bc4 38.Rb6 Ba2  0-1

[Event "Chigorin Memorial Open"]
[Site "St Petersburg RUS"]
[Date "2011.10.22"]
[Round "9.36"]
[White "Gladyszev,O"]
[Black "Charochkina,D"]
[Result "1-0"]
[WhiteElo "2463"]
[BlackElo "2332"]

1.d4 Nf6 2.c4 g6 3.Nc3 d5 4.cxd5 Nxd5 5.e4 Nxc3 6.bxc3 Bg7 7.Nf3 c5 8.Be2 Nc6
9.Rb1 O-O 10.d5 Bxc3+ 11.Bd2 Bxd2+ 12.Qxd2 Na5 13.h4 e6 14.h5 g5 15.h6 f6
16.Qc3 exd5 17.Rd1 d4 18.Qxc5 b6 19.Qxd4 Bb7 20.Bc4+ Kh8 21.Bd5 Bxd5 22.exd5 Qe8+
23.Kf1 Qg6 24.g3 Nb7 25.Kg2 Nd6 26.Rde1 Nf5 27.Qa4 Rfd8 28.Re6 b5 29.Qe4 g4
30.Nd4 Nxd4 31.Qxd4 Qf5 32.Rd1 Rf8 33.Qe4 Qxe4+ 34.Rxe4 f5 35.Re7 f4 36.gxf4 a5
37.d6 b4 38.Rc1 Rxf4 39.Rcc7  1-0

[Event "1st Central Asia Cup"]
[Site "Tashkent UZB"]
[Date "2011.10.23"]
[Round "6.2"]
[White "Vakhidov,J"]
[Black "Kasimdzhanov,R"]
[Result "0-1"]
[WhiteElo "2392"]
[BlackElo "2678"]

1.d4 Nf6 2.c4 g6 3.Nc3 d5 4.cxd5 Nxd5 5.e4 Nxc3 6.bxc3 Bg7 7.Bc4 c5 8.Ne2 Nc6
9.Be3 O-O 10.O-O b6 11.Qd2 Bb7 12.Rac1 e6 13.Rfd1 Rc8 14.Bb5 cxd4 15.cxd4 Ne7
16.Rxc8 Nxc8 17.d5 exd5 18.Bc4 d4 19.Bh6 Bxh6 20.Qxh6 Nd6 21.Rxd4 Qe7 22.Bb3 Nxe4
23.f3 Ng5 24.h4 Bxf3 25.hxg5 Bxe2 26.Qh4 b5 27.Kh1 Bc4 28.Bxc4 bxc4 29.Rxc4 Qe5
30.Rc1 Qb2 31.Qc4 Qd2 32.Qc5 Qxa2 33.Rd1 Qe2 34.Rd7 Re8 35.Qd4 Qh5+ 36.Kg1 Qxg5
37.Rxa7 Qe3+ 38.Qxe3 Rxe3 39.Kf2 Re5 40.Kg3 Kg7 41.Rb7 h5 42.Kh4 Re4+ 43.Kh3 h4
44.Ra7 g5 45.Ra3 Kg6 46.Ra8 Re3+ 47.Kh2 f5 48.Rf8 f4 49.Ra8 Kf5 50.Kg1 h3
51.gxh3 Rxh3 52.Kg2 Kg4 53.Ra5 Rb3 54.Ra2 Rb4 55.Ra5 Rb2+ 56.Kg1 f3 57.Kh1 Rb1+  0-1

[Event "33rd Arco Open"]
[Site "Arco ITA"]
[Date "2011.10.25"]
[Round "4"]
[White "Papa,A"]
[Black "Virzi,E"]
[Result "1/2-1/2"]
[WhiteElo "1848"]
[BlackElo "1951"]

1.d4 Nf6 2.c4 g6 3.Nc3 d5 4.cxd5 Nxd5 5.e4 Nxc3 6.bxc3 Bg7 7.Bc4 c5 8.Ne2 O-O
9.O-O Nc6 10.Be3 b6 11.Qd2 Na5 12.Bd5 Bb7 13.Bxb7  1/2-1/2

[Event "Banicky kahanec 2011"]
[Site "Zajezova SVK"]
[Date "2011.10.25"]
[Round "2"]
[White "Straka,Jos"]
[Black "Kriebel,T"]
[Result "0-1"]
[WhiteElo "2299"]
[BlackElo "2339"]

1.d4 Nf6 2.c4 g6 3.Nc3 d5 4.cxd5 Nxd5 5.e4 Nxc3 6.bxc3 Bg7 7.Bb5+ c6 8.Ba4 O-O
9.Ne2 b5 10.Bb3 a5 11.O-O Na6 12.Be3 a4 13.Bc2 Be6 14.Bd3 Qa5 15.Qd2 Rfd8
16.Rab1 Nc7 17.Qc2 Rac8 18.f4 c5 19.d5 Bg4 20.c4 bxc4 21.Bxc4 e6 22.dxe6 Nxe6
23.Rb7 Bd4 24.Bxd4 cxd4 25.Qd3 Nc5 26.Bxf7+ Kh8 27.Qg3 Nxb7 28.Qxg4 d3 29.Ng3 d2
30.Bd5 Qb6+ 31.Kh1 Rc1 32.Qg5 Re8  0-1

[Event "33rd Arco Open"]
[Site "Arco ITA"]
[Date "2011.10.26"]
[Round "5"]
[White "Dittmar,P"]
[Black "Stella,A"]
[Result "0-1"]
[WhiteElo "2305"]
[BlackElo "2447"]

1.d4 Nf6 2.c4 g6 3.Nc3 d5 4.cxd5 Nxd5 5.e4 Nxc3 6.bxc3 Bg7 7.Be3 c5 8.Rc1 Qa5
9.Qd2 O-O 10.Nf3 Rd8 11.h3 b6 12.Bd3 Ba6 13.Bxa6 Nxa6 14.Rd1 Nc7 15.e5 Rac8
16.O-O cxd4 17.cxd4 Qxd2 18.Bxd2 Nd5 19.Rc1 e6 20.g3 Bf8 21.a4 a5 22.Kg2 Bb4
23.Bg5 Be7 24.Bd2 Ba3 25.Ra1 Bb4 26.Rfc1 Kf8 27.Bg5 Re8 28.h4 h5 29.Kf1 Bc3
30.Ra3 Bb4 31.Raa1 Bc3 32.Ra3 Bb2 33.Rxc8 Rxc8 34.Rb3 Bc1 35.Be3 Bxe3 36.fxe3 Rc3
37.Rxc3 Nxc3 38.Nd2 Nxa4 39.Nc4 Nc3 40.Nxb6 a4 41.Nc4 Ke7 42.Kg2 Nb1 43.Kf2 a3
44.Na5 Nd2 45.Nc6+ Kd7 46.Nb4 Ne4+ 47.Kf3 Nc3 48.e4 a2 49.Nc2 Nb5 50.Ke3 Na3
51.Na1 Kc6 52.Kd3 Kb5 53.d5 Nc4 54.Kd4 Nb6 55.Nc2 Nd7 56.dxe6 fxe6 57.Kc3 Nxe5
58.Kb2 Kc4 59.Ne3+ Kd4 60.Ng2 Kxe4 61.Kxa2 Kf3 62.Nf4 Kxg3 63.Nxe6 Kxh4 64.Kb3 Kg3
65.Kc3 h4 66.Kd4 h3 67.Kxe5 h2  0-1

[Event "Banicky kahanec 2011"]
[Site "Zajezova SVK"]
[Date "2011.10.26"]
[Round "4"]
[White "Bulski,K"]
[Black "Kriebel,T"]
[Result "1-0"]
[WhiteElo "2507"]
[BlackElo "2339"]

1.d4 Nf6 2.c4 g6 3.Nc3 d5 4.cxd5 Nxd5 5.e4 Nxc3 6.bxc3 Bg7 7.Nf3 c5 8.Rb1 O-O
9.Be2 b6 10.O-O Bb7 11.Qd3 Qc7 12.Bg5 Ba6 13.Qe3 Bxe2 14.Qxe2 Nc6 15.d5 Ne5
16.Nd2 e6 17.f4 exd5 18.fxe5 Qxe5 19.Nf3 Qxe4 20.Qd2 Qc4 21.Rbd1 Rae8 22.Bh6 Re2
23.Bxg7 Rxd2 24.Nxd2 Qxa2 25.Bxf8 Kxf8 26.Nf3 f5 27.Ra1 Qc4 28.Rxa7 Qxc3
29.Rb1 b5 30.Rxb5 Qc1+ 31.Kf2 Qc2+ 32.Kg3 f4+ 33.Kh3 Qf5+ 34.g4 fxg3 35.Kxg3 Qc8
36.Ng5 h5 37.Nh7+ Ke8 38.Nf6+ Kf8 39.Nd7+ Kg8 40.Rb8  1-0

[Event "World Youth U16 Ol"]
[Site "Kocaeli TUR"]
[Date "2011.10.27"]
[Round "6.11"]
[White "Kowsarinia,A"]
[Black "Cizinsky,P"]
[Result "1-0"]
[WhiteElo "2233"]
[BlackElo "2178"]

1.d4 Nf6 2.c4 g6 3.Nc3 d5 4.cxd5 Nxd5 5.e4 Nxc3 6.bxc3 Bg7 7.Be3 c5 8.Rc1 O-O
9.Nf3 Qa5 10.Qd2 cxd4 11.cxd4 Qxd2+ 12.Nxd2 Rd8 13.d5 Nd7 14.Bb5 Nf6 15.Ke2 e6
16.Bg5 h6 17.Bxf6 Bxf6 18.Bc4 exd5 19.Bxd5 Rb8 20.Rc7 Be5 21.Re7 Bc3 22.Nc4 Be6
23.Bxe6 fxe6 24.Rd1 Rxd1 25.Kxd1 Rc8 26.Ne3 Rc6 27.Rxb7 Ra6 28.Kc2 Bd4 29.Kb3 e5
30.Nd5 Bxf2 31.a4 Kf8 32.Rc7 Rd6 33.Kc4 Bg1 34.h3 Ke8 35.Re7+ Kd8 36.Rh7 h5
37.g4 hxg4 38.hxg4 Rc6+ 39.Kb5 Rc5+ 40.Ka6 Rc4 41.Kb7 Rxe4 42.Rh8+  1-0

[Event "29th Muensterland Open"]
[Site "Senden GER"]
[Date "2011.10.28"]
[Round "9.6"]
[White "Chilla,J"]
[Black "Peterwitz,K"]
[Result "1/2-1/2"]
[WhiteElo "2134"]
[BlackElo "2100"]

1.d4 Nf6 2.c4 g6 3.Nc3 d5 4.cxd5 Nxd5 5.e4 Nxc3 6.bxc3 Bg7 7.Bc4 O-O 8.Ne2 c5
9.Be3 Nc6 10.h4 h5 11.Qd2 cxd4 12.cxd4 Qa5 13.Rb1 Qxd2+ 14.Kxd2 Rd8 15.Bd5 e5
16.Rhc1 exd4 17.Bg5 Rd7 18.Rxc6 bxc6 19.Bxc6 Bb7 20.Bxd7 Bxe4 21.Rb4 a5 22.Rc4 Bd5
23.Ra4 Bxg2 24.Nxd4 Ra7 25.Bb5 Rb7 26.Bd3 Rd7 27.Ne2 Bf8 28.a3 Bc5 29.f4 Bb6
30.Bf6 Bb7 31.Kc3 Rd6 32.Be5 Rc6+ 33.Rc4 Bd8 34.Nd4 Rxc4+ 35.Kxc4 Bxh4 36.Kb5 f6
37.Bc7 g5 38.Bc4+ Kh7 39.fxg5 fxg5 40.Bf7 Bf2 41.Ne6 g4 42.Bxh5 g3 43.Bf3 g2
44.Bh2 Bc8 45.Ng5+ Kg6 46.Ne4 g1=Q 47.Bxg1 Bxg1 48.Kxa5 Bf5 49.Nd6 Bc5 50.Nxf5 Kxf5  1/2-1/2

[Event "15th OIBM"]
[Site "Bad Wiessee GER"]
[Date "2011.10.30"]
[Round "2.4"]
[White "Khenkin,I"]
[Black "Schrems,H"]
[Result "1-0"]
[WhiteElo "2624"]
[BlackElo "2189"]

1.d4 Nf6 2.c4 g6 3.Nc3 d5 4.cxd5 Nxd5 5.e4 Nxc3 6.bxc3 Bg7 7.Nf3 c5 8.Be3 O-O
9.Rc1 Qa5 10.Qd2 Nc6 11.d5 Rd8 12.Be2 b6 13.O-O Ba6 14.Bg5 Rd7 15.Bxa6 Qxa6
16.Qc2 Nd8 17.c4 e5 18.Bxd8 Raxd8 19.a4 f6 20.Rb1 Bf8 21.Ne1 Bd6 22.Nd3 Qc8
23.a5 bxa5 24.Rb5 f5 25.Qe2 Re7 26.Rxa5 Qc7 27.Ra6 Qb7 28.Rc6 Rc7 29.exf5 Rxc6
30.dxc6 Qxc6 31.fxg6 hxg6 32.Nxe5 Qe8 33.f4 Qe6 34.Qe4 Kg7 35.Qb7+ Qe7 36.Qxe7+ Bxe7
37.Ra1 Bd6 38.Rxa7+ Kf6 39.Nf7 Bb8 40.Nxd8 Bxa7 41.Nc6 Bb6 42.Kf2 g5 43.fxg5+ Kxg5
44.Kf3 Kf5 45.g4+ Ke6 46.Ke4 Bc7 47.h4 Bg3 48.h5 Kf6 49.Na5 Kg5 50.Kf3 Be1
51.Nb7 Bb4 52.Nd6  1-0

[Event "15th OIBM"]
[Site "Bad Wiessee GER"]
[Date "2011.10.31"]
[Round "3.11"]
[White "Van den Bersselaar,J"]
[Black "Swiercz,D"]
[Result "0-1"]
[WhiteElo "2211"]
[BlackElo "2585"]

1.d4 Nf6 2.c4 g6 3.Nc3 d5 4.cxd5 Nxd5 5.e4 Nxc3 6.bxc3 Bg7 7.Be3 c5 8.Rc1 Qa5
9.Qd2 cxd4 10.cxd4 Qxd2+ 11.Bxd2 O-O 12.Nf3 Bg4 13.Be3 Nc6 14.d5 Ne5 15.Nxe5 Bxe5
16.Bc4 Rfc8 17.O-O Bd7 18.f4 Bb2 19.Rc2 Ba3 20.Bb3 Rxc2 21.Bxc2 Rc8 22.Bb3 a5
23.Rb1 b5 24.Bd1 b4 25.Bb6 a4 26.Bf3 Rc1+ 27.Rxc1 Bxc1 28.Bc5 b3 29.Be2 bxa2
30.Bd4 Be3+  0-1